Evaluacion de la construccion de estructuras de acero en viviendas y naves industriales
Gorde:
| Egile nagusia: | |
|---|---|
| Formatua: | Liburua |
| Argitaratua: |
[San José , Costa Rica]
1995
|
| Gaiak: | |
| Etiketak: |
Etiketa erantsi
Etiketarik gabe, Izan zaitez lehena erregistro honi etiketa jartzen!
|
MARC
| LEADER | 00000nam a2200000Ia 4500 | ||
|---|---|---|---|
| 003 | 007744 | ||
| 005 | 20221231144252.0 | ||
| 008 | 140114s1995 cr a m 000 ||s d | ||
| 040 | |c cru CEDI | ||
| 090 | |a TFG 3330 | ||
| 100 | |a Jiménez Arias, Mario |9 10654 | ||
| 245 | |a Evaluacion de la construccion de estructuras de acero en viviendas y naves industriales | ||
| 260 | |c 1995 |a [San José , Costa Rica] | ||
| 300 | |a v, [146] hojas : ilustraciones (algunas plegables) | ||
| 500 | |a Proyecto de graduación (licenciatura en ingeniería civil)--Universidad de Costa Rica. Facultad de Ingeniería. Escuela de Ingeniería Civil | ||
| 650 | |x ESTRUCTURAS METALICAS - DISEÑO Y CONSTRUCCION |9 10655 | ||
| 942 | |c TFG |2 ddc | ||
| 999 | |c 19359 |d 19359 | ||
